Effect of pH DRC and coagulation time on Po, PRI and colour, ឥទ្ធិពលpH និងរយៈពេលទុកអោយកកនៃជ័រកៅស៊ូចំពោះតំលៃPo, PRI និងពណ៌ (Record no. 1415)
[ view plain ]
| 000 -LEADER | |
|---|---|
| fixed length control field | 00586nam a22001577a 4500 |
| 003 - CONTROL NUMBER IDENTIFIER | |
| control field | OSt |
| 005 - DATE AND TIME OF LATEST TRANSACTION | |
| control field | 20150928162649.0 |
| 008 - FIXED-LENGTH DATA ELEMENTS--GENERAL INFORMATION | |
| fixed length control field | 150928b xxu||||| |||| 00| 0 eng d |
| 040 ## - CATALOGING SOURCE | |
| Transcribing agency | RUA |
| 082 ## - DEWEY DECIMAL CLASSIFICATION NUMBER | |
| Classification number | ATM.Sp SAM 2003 B059 Or.1 |
| 100 ## - MAIN ENTRY--PERSONAL NAME | |
| 9 (RLIN) | 1504 |
| Personal name | SAM, BUNLEAP. |
| 245 ## - TITLE STATEMENT | |
| Title | Effect of pH DRC and coagulation time on Po, PRI and colour, ឥទ្ធិពលpH និងរយៈពេលទុកអោយកកនៃជ័រកៅស៊ូចំពោះតំលៃPo, PRI និងពណ៌ |
| 260 ## - PUBLICATION, DISTRIBUTION, ETC. (IMPRINT) | |
| Place of publication, distribution, etc. | Phnom Penh |
| Name of publisher, distributor, etc. | RUA |
| Date of publication, distribution, etc. | 2003 |
| 300 ## - PHYSICAL DESCRIPTION | |
| Extent | 54p. |
| Other physical details | ill. |
| Dimensions | 29cm. |
| 942 ## - ADDED ENTRY ELEMENTS (KOHA) | |
| Source of classification or shelving scheme | |
| Koha item type | ATM.s |
| Price effective from | Date last seen | Permanent Location | Not for loan | Date acquired | Source of classification or shelving scheme | Koha item type | Lost status | Withdrawn status | Date last checked out | Total Checkouts | Shelving location | Damaged status | Barcode | Current Location | Full call number |
|---|---|---|---|---|---|---|---|---|---|---|---|---|---|---|---|
| 2015-09-28 | 2015-09-28 | Library Block B | 2015-09-28 | ATM.s | B059 | RUA001454 | Library Block B | ATM.Sp SAM 2003 B059 Or.1 | |||||||
| 2015-09-28 | 2015-09-28 | Library Block B | 2015-09-28 | ATM.s | B059 | RUA001601 | Library Block B | ATM.Sp SAM 2003 B059 Or.2 | |||||||
| 2015-09-28 | 2015-09-28 | Library Block B | 2015-09-28 | ATM.s | B059 | RUA001595 | Library Block B | ATM.Sp SAM 2003 B059 Or.3 | |||||||
| 2015-09-28 | 2015-09-28 | Library Block B | 2015-09-28 | ATM.s | B059 | RUA001312 | Library Block B | ATM.Sp SAM 2003 B059 Or.4 | |||||||
| 2015-09-28 | 2015-09-28 | Library Block B | 2015-09-28 | ATM.s | B059 | RUA001381 | Library Block B | ATM.Sp SAM 2003 B059 Or.5 | |||||||
| 2016-01-25 | 2018-11-13 | Library Block B | 2016-01-25 | ATM.s | 2018-10-22 | 1 | RUA042368 | Library Block B | ATM.Sp SAM 2003 B059 Or.6 | ||||||
| 2020-07-17 | 2020-07-17 | Library Block B | 2020-07-17 | ATM.s | B059 | RUA001387 | Library Block B | ATM.Sp SAM 2003 B059 Or.7 |